000 00599nam a2200193Ia 4500
005 20260120132232.0
008 008 260114s9999 xx 000 0 eng d
020 _a9780197701522
037 _aEBOOK
040 _aCRL
_beng
_cCRL
041 _aeng
_2eng
084 _qCRL
100 _aMagnuson
_9936584
245 0 _aLong-Term Dynamics of Lakes in the Landscape: Long-Term Ecological Research on North Temperate Lakes
260 _bOxford University PressOxford University Press
_c2023
856 _uhttps://academic.oup.com/book/51190
942 _cEBOOK
999 _c1528507
_d1528507